Zmysluplnosť a nezmyselnosť v architektúre?

Bibliographic Details
Main Author: Bencová, Jarmila, 1949- (Author)
Format: Article
Language:Slovak
PhysicalDescription:Fotogr., obr.
ISSN:0044-8680
Subjects:

MARC

LEADER 00000nab a2200000 a 4500
001 vtls000840420
003 SK-MaSNL
005 20260303210647.0
008 180205c2002 xo 0 slo
015 |a SNBRB2003/07-20441 
035 |a CLN000192075 
040 |a SNKBUCL  |b slo  |c SNKBUCL  |e AACR2 
041 0 |a slo 
044 |a xo  |c SK 
080 |a 72.01  |2 UDC-MRF-SK2 
100 1 |a Bencová, Jarmila,  |d 1949-  |4 aut  |9 236020 
245 1 0 |a Zmysluplnosť a nezmyselnosť v architektúre?  |c Jarmila Bencová 
246 1 1 |a Sensefulness and senselessness in architecture? 
300 |b Fotogr., obr. 
504 |a Res. angl. 
504 |a Poznámky 
650 0 7 |a architektúra  |2 snkbucl  |9 722 
655 7 |a články z novín a časopisov  |2 snkbucl  |9 267496 
773 0 |x 0044-8680  |t Architektúra & urbanizmus  |g Roč. 36, č. 3-4 (2002), s. 115-131 
850 |a Slovenská národná knižnica v Martine 
852 |a SNK  |b KIS3GCP 
958 |a RBX 
999 |c 2201151  |d 2203081